000 00293nam a22001097a 4500
999 _c68396
_d68393
082 _aم غ ل
100 _aمغل ، محمود
245 _aمحبتن جو شھر بڑی میل کھانیون
260 _aکراچی
_bکاچو پبلیکیشن
_c۲۰۱۸
300 _a۳۲۰
942 _cBK